000 00513nam a22001817a 4500
005 20230117121539.0
008 200317b xxu||||| |||| 00| 0 eng d
020 _a978812390407X
041 _aeng
082 _a613.7
_bPAR-H
100 _aPARMAR , N.A
_95249
245 _aHEALTH EDUCATION AND COMMUNITY PHARMACY FOR FIRST YEAR DIPLOMA
_cN.S PARMAR
250 _a1'ST
260 _aNEW DELHI
_bCBS PUBLISHERS AND PUBLICATION
_c2019
300 _a308 P. ; V
650 _aPHARMACY
_xD.PHARMA
_97090
942 _cBK
999 _c6133
_d6131